<?xml version="1.0" encoding="UTF-8"?>
<record
    xmlns:xsi="http://www.w3.org/2001/XMLSchema-instance"
    xsi:schemaLocation="http://www.loc.gov/MARC21/slim http://www.loc.gov/standards/marcxml/schema/MARC21slim.xsd"
    xmlns="http://www.loc.gov/MARC21/slim">

  <leader>00967nam a2200313Ia 4500</leader>
  <controlfield tag="001">Para_7002</controlfield>
  <controlfield tag="003">CHAP</controlfield>
  <controlfield tag="008">220125s1931    xx            000 0 und d</controlfield>
  <datafield tag="010" ind1=" " ind2=" ">
    <subfield code="a">205748</subfield>
  </datafield>
  <datafield tag="040" ind1=" " ind2=" ">
    <subfield code="c">CHAP</subfield>
  </datafield>
  <datafield tag="082" ind1=" " ind2=" ">
    <subfield code="a">PA-C 631.4 B85</subfield>
  </datafield>
  <datafield tag="100" ind1=" " ind2=" ">
    <subfield code="a">Wilson, Lemoyne</subfield>
    <subfield code="9">171846</subfield>
  </datafield>
  <datafield tag="245" ind1=" " ind2=" ">
    <subfield code="a">Muck soil investigations  :</subfield>
    <subfield code="b"> progress report sanpete county experimental farm 1927-1930, inclusive  /</subfield>
    <subfield code="c"> by Lemoyne Wilson and George Stewart</subfield>
  </datafield>
  <datafield tag="260" ind1=" " ind2=" ">
    <subfield code="a">Logan, Utah  :</subfield>
    <subfield code="b"> Utah. Agricultural Experiment Station</subfield>
  </datafield>
  <datafield tag="300" ind1=" " ind2=" ">
    <subfield code="a">24 p.</subfield>
  </datafield>
  <datafield tag="440" ind1=" " ind2=" ">
    <subfield code="a">Bulletin ; 24</subfield>
    <subfield code="9">171847</subfield>
  </datafield>
  <datafield tag="500" ind1=" " ind2=" ">
    <subfield code="a">Enc. con otros impresos similares</subfield>
  </datafield>
  <datafield tag="650" ind1=" " ind2=" ">
    <subfield code="a">Abonos </subfield>
    <subfield code="x"> efecto en suelos </subfield>
  </datafield>
  <datafield tag="650" ind1=" " ind2=" ">
    <subfield code="a">Esti&#xE9;rcol</subfield>
    <subfield code="9">38313</subfield>
  </datafield>
  <datafield tag="650" ind1=" " ind2=" ">
    <subfield code="a">Suelos </subfield>
    <subfield code="x"> EUA </subfield>
    <subfield code="9">171754</subfield>
  </datafield>
  <datafield tag="700" ind1=" " ind2=" ">
    <subfield code="a">Stewart, George</subfield>
    <subfield code="9">109764</subfield>
  </datafield>
  <datafield tag="901" ind1=" " ind2=" ">
    <subfield code="a">PA-C 631.4 B85</subfield>
  </datafield>
  <datafield tag="902" ind1=" " ind2=" ">
    <subfield code="a">A</subfield>
  </datafield>
  <datafield tag="905" ind1=" " ind2=" ">
    <subfield code="a">0000001931                                 0000000000   00</subfield>
  </datafield>
  <datafield tag="910" ind1=" " ind2=" ">
    <subfield code="a">1931</subfield>
  </datafield>
  <datafield tag="942" ind1=" " ind2=" ">
    <subfield code="c">PARA</subfield>
  </datafield>
  <datafield tag="942" ind1=" " ind2=" ">
    <subfield code="c">PARA</subfield>
    <subfield code="d">1</subfield>
  </datafield>
  <datafield tag="999" ind1=" " ind2=" ">
    <subfield code="c">205748</subfield>
    <subfield code="d">205748</subfield>
  </datafield>
  <datafield tag="952" ind1=" " ind2=" ">
    <subfield code="0">0</subfield>
    <subfield code="1">0</subfield>
    <subfield code="2">ddc</subfield>
    <subfield code="4">0</subfield>
    <subfield code="5">1</subfield>
    <subfield code="7">0</subfield>
    <subfield code="8">C</subfield>
    <subfield code="a">PA</subfield>
    <subfield code="b">PA</subfield>
    <subfield code="c">11</subfield>
    <subfield code="d">2005-10-27</subfield>
    <subfield code="f">PARA</subfield>
    <subfield code="l">0</subfield>
    <subfield code="p">PA_5285-5</subfield>
    <subfield code="r">2022-01-25 00:00:00</subfield>
    <subfield code="w">2022-01-25</subfield>
    <subfield code="y">LIBRO</subfield>
    <subfield code="z">3</subfield>
  </datafield>
</record>
